| 000 | 00945pam a2200289 a 4500 | ||
|---|---|---|---|
| 999 |
_c10454 _d10454 |
||
| 001 | 3925513 | ||
| 003 | OSt | ||
| 005 | 20230531143725.0 | ||
| 008 | 921013s1993 paua b 001 0 eng c | ||
| 010 | _a | ||
| 020 | _a0812115899 | ||
| 040 |
_aDDC _cGU _dTOD _bENG |
||
| 082 | 0 | 0 | _a615.824 RES |
| 245 | 0 | 0 |
_aACSM's resource manual for Guidelines for exercise testing and prescription / _cAmerican College of Sports Medicine. |
| 250 | _a2nd ed. | ||
| 260 |
_aPhiladelphia : _bLea & Febiger, _c1993. |
||
| 300 |
_axx, 596 p. : _bill. ; _c26 cm. |
||
| 504 | _aIncludes bibliographical references and index. | ||
| 650 | 0 | _aExercise therapy. | |
| 650 | 0 | _aExercise tests. | |
| 650 | 2 | _aExercise Test. | |
| 650 | 2 | _aExercise Therapy. | |
| 700 | 1 | _aDurstine, J. Larry. | |
| 730 | 0 | _aGuidelines for exercise testing and prescription. | |
| 730 | 0 | _aResource manual for Guidelines for exercise testing and prescription. | |
| 942 |
_2ddc _cBOOK |
||